000 00318nam a2200133Ia 4500
008 230917s9999||||xx |||||||||||||| ||und||
020 _cPOU4.75
040 _e8982
_aMAIN
041 _aEnglish
082 _a327.47 I7E
245 0 _aEuropean security and the Soviet problem summary
300 _a64 p.
942 _cBK
999 _c212490
_d212490